Analýza prieniku svetovej krízy do slovenského finančného systému v kontexte podnikateľskej sféry

Analýza prieniku svetovej hospodárskej krízy do slovenského finančného systému. Prehľad vplyvu krízy na výšku poskytovaných úverov podnikom. Dôvody vyhľadávania alternatívnych finančných zdrojov.

Uložené v:
Podrobná bibliografia
Hlavný autor: Majková, Monika
Médium: Kapitola
Jazyk:Slovak
Predmet:
Tagy: Pridať tag
Žiadne tagy, Buďte prvý, kto otaguje tento záznam!

MARC

LEADER 00000naa$a2200000$$$4500
001 0125243
005 20240502072428.0
041 0 |a slo 
044 |a SK 
245 1 0 |a Analýza prieniku svetovej krízy do slovenského finančného systému v kontexte podnikateľskej sféry  |c Monika Majková 
520 |a Analýza prieniku svetovej hospodárskej krízy do slovenského finančného systému. Prehľad vplyvu krízy na výšku poskytovaných úverov podnikom. Dôvody vyhľadávania alternatívnych finančných zdrojov. 
610 2 0 |a kríza finančná 
610 2 0 |a podnik 
610 2 0 |a podnikanie 
610 2 0 |a manažment úverový 
610 2 0 |a situácia finančná podniku 
610 2 0 |a obchody úverové 
610 2 0 |a zdroje finančné 
610 2 0 |a stabilita finančná 
610 2 0 |a politika finančná 
100 1 |a Majková, Monika